00749 a2200385 4500000002100000001000700021005001700028008004100045010000500086020000500091082001600096100002000112110000500132245006600137250000500203260002900208300001000237490000700247500000500254600000500259610000500264611000500269630000500274650000500279651000500284654000500289700002600294710000900320711000500329720000500334730000500339740000500344752000500349856000900354BKB 06968120200902150332.0  a a a658.5bE15O1 aEvans, James R. a1 aOperations managementcby James R. Evans and David A. Collier a aAustraliabThomsonc2007 a830p. av a a a a a a a a aCollier, David A.bc abc a a a a a adf